000 01296cam a22002412a 4500
001 77856
003 BD-RjUL
005 20211209083039.0
008 000104s2005 ua d 000 0 arard
035 _a(BD-RjUL)78082
040 _aDLC
_cNhD
_d*m.c*
_dCStRLIN
_dCtY
_beng
041 _aara
066 _c(3
082 _223
_a492.73
_bMUT 2005
100 1 _aمرتضى الزبيدي Murtaḍá al-Zabīdī, Muḥammad ibn Muḥammad,
_d1732 or 1733-1791.
_9244208
245 1 0 _aتاج العروس من جواهر القاموس Tāj al-ʿarūs min jawāhir al-Qāmūs /
_c محب الدين أبي الفيض السيد محمد مرتضى الحسيني الواسطي الزبيدي الحنفي Muḥibb al-Dīn Abī al-Fayḍ Muḥammad Murtaḍá al-Ḥusaynī al-Wāsiṭī al-Zabīdī al-Ḥanafī.
260 _aجمالية، مصر : :
_bDar al Fikre,دارالفكر،
_c2005
300 _a20 v. ;
_c33 cm.
505 _aVol.Babul hamja-babul B.--v.2.babul Ba.--v3. Babul Ta, Sa, zim.--v.4.babul ha, kha,dal.--v.5.dal-jal.--v.6.ra.--v.7.ra.--v.8.ja-sin.--v.9.sin,shin-soad.--v.10.zoad, toa zoa.--v.11.a,in.--v.12.gain-fa.--v.13.qaf-kaf.--v.14.lam.--v.15.lam.--v.16.mim.--v.20.wa-ya.
650 0 _aArabic language
_vDictionaries.
_9244209
942 _2ddc
_cREF
999 _c77856
_d77856